• 首页
  • 本馆介绍
  • 公告通知
  • 最新文献
  • 馆藏检索
  • 电子资源
  • 读者导购
  • 参考咨询
  • 我的图书馆
  • 登录
  • 详细信息显示
  • 放入我的书架
  • 预约/预借图书
  • 作者相关作品
  • 分类相关作品
  • 丛书相关作品
  • 出版社相关作品

书目信息

  • 表格格式
  • 工作单格式
  • 卡片格式
题名:
尼米兹传
    
 
作者: 胡慧 著
分册:  
出版信息: 长春   时代文艺出版社  2016
页数: 178页
开本: 24cm
丛书名: 世界军事名人传记丛书
单 册:
中图分类: K837.125.2=533 , K837.125
科图分类:
主题词:
电子资源:
ISBN: 978-7-5387-3994-7
000 00931oam2 2200265 450
001 2352472637
005 20231117105622.84
010    @a978-7-5387-3994-7@dCNY36.00
100    @a20130127d2016 em y0chiy50 ea
101 0  @achi
102    @aCN@b220000
105    @aa z 000yb
200 1  @a尼米兹传@Ani mi zi zhuan@dChester William Nimitz@e1885-1996@f胡慧著@zeng
210    @a长春@c时代文艺出版社@d2016
215    @a178页@c照片@d24cm
225 2  @a世界军事名人传记丛书
330    @a本书分为八章,内容包括少年初长成、与海军结缘、收获爱情、谦虚严谨的风格、渐渐升起的明星、战略家与战术家、战争中的海上骑士、凯旋的英雄等。
410  0 @12001 @a世界军事名人传记丛书
510 1  @aChester William Nimitz@zeng
600  1 @a尼米兹@c(Nimitz, Chester William@f1885-1966)@x传记
690    @aK837.125.2=533@v5
690    @aK837.125@v4
701  0 @a胡慧@Ahu hui@4著
801  0 @aCN@b91MARC@c20130904
905    @aZUCC@dK837.125@e44
    
    尼米兹传=Chester William Nimitz:1885-1996/胡慧著.-长春:时代文艺出版社,2016
    178页:照片;24cm.-(世界军事名人传记丛书)
    
    
    ISBN 978-7-5387-3994-7:CNY36.00
    本书分为八章,内容包括少年初长成、与海军结缘、收获爱情、谦虚严谨的风格、渐渐升起的明星、战略家与战术家、战争中的海上骑士、凯旋的英雄等。
●
相关链接 在五车中查询图书 在当当中查询图书 在豆瓣中查询图书


正题名:尼米兹传     索取号:K837.125/44         预约/预借

序号 登录号 条形码 馆藏地/架位号 状态 备注
1 2001014969   2001014969   第四书库/四30架B面1层4列/ [索取号:K837.125/44] 在馆    
2 2001014970   2001014970   第四书库/四30架B面1层4列/ [索取号:K837.125/44] 在馆    
3 2001014971   2001014971   第四书库/四30架B面1层4列/ [索取号:K837.125/44] 在馆    
4 2001014972   2001014972   第四书库/四30架B面1层4列/ [索取号:K837.125/44] 在馆    
5 2001014973   2001014973   第四书库/四30架B面1层4列/ [索取号:K837.125/44] 在馆    
6 2001014974   2001014974   第四书库/四30架B面1层4列/ [索取号:K837.125/44] 在馆    
山东省滨州职业学院图书馆 欢迎您!
大连网信软件有限公司© 版权所有